La seguridad social frente a la codificación civil (Registro nro. 29731)

Detalles MARC
000 -LEADER
fixed length control field 00334 a2200109 4500
001 - CONTROL NUMBER
control field ART_46537
005 - DATE AND TIME OF LATEST TRANSACTION
control field 20260410161943.0
008 - FIXED-LENGTH DATA ELEMENTS--GENERAL INFORMATION
fixed length control field 260409a
100 1# - MAIN ENTRY--PERSONAL NAME
Personal name Carnota, Walter F.
245 10 - TITLE STATEMENT
Title La seguridad social frente a la codificación civil
773 0# - HOST ITEM ENTRY
Title Temas de derecho laboral
Related parts - Nº 7 (jul. 2018)
Record control number REV27619

No hay ítems disponibles.